00410nam a2200133 a 4500008004100000050001600041100001500057245006000072246004400132260004200176300002200218350000900240700002700249120416s1983 ||||||||||||||||| || u aBJ 1012 Mor aLocke, Don10aMorality in the makingcedited by Helen Weinreich-Haste athought, action, and the social context aChichesterbJohn Wiley and Sonsc1983 axix, 251p. : ill. a0.00 aWeinreich-Haste, Helen